000 00683nam a2200289Ia 4500
005 20260324143848.0
008 008 260324s9999 xx 000 0 eng d
020 _a9780203973752
037 _aEBOOK
040 _aCRL
040 _beng
040 _cCRL
041 _2eng
041 _aeng
084 _qCRL
100 _aErnie Cave; Cyril Wilkinson
_91217209
245 0 _aLocal Management of Schools
245 0 _bSome Practical Issues
260 _bTaylor and Francis
260 _c1990
365 _a
365 _b98.99
856 _uhttp://www.taylorfrancis.com/books/9780203973752
942 _cEBOOK
999 _c1823099
_d1823099